| 000 | 00461 a2200157 4500 | ||
|---|---|---|---|
| 003 | NUST | ||
| 005 | 20230221140606.0 | ||
| 040 | _cNust | ||
| 082 | _a297.1227,PAR | ||
| 100 |
_aParekih Sahib, Abdul Karim _9109365 |
||
| 245 |
_aAsaan Lughat ul Quran / آسان لغات القرآن (Urdu) / _cMaulana Abdul Parikh Sahib |
||
| 260 |
_aLahore _b Book salers _c1999 |
||
| 300 | _a296 p.; | ||
| 650 |
_a Lughat ul Quran _962031 |
||
| 942 |
_2ddc _cBK _k297.1227,PAR |
||
| 999 |
_c187651 _d187651 |
||